Animals beginning with the letter G (pictures) - Statistics

General Stats
  • This quiz has been taken 354 times
  • The average score is 10 of 16
Answer Stats
Picture Answer % Correct
Goat
99%
Goose
93%
Gorilla
89%
Giraffe
88%
Goldfish
87%
Gecko
86%
Grasshopper
78%
Guinea Pig
77%
Gnu
57%
Gibbon
51%
Groundhog
50%
Gerbil
47%
Gopher
45%
Gila Monster
37%
Guppy
37%
Gannet
18%
No matching quizzes found
Score Distribution
Percent of People with Each Score
Percentile by Number Answered
Your Score History
You have not taken this quiz